Curso de seguridad social (Registro nro. 7922)

Detalles MARC
000 -LEADER
fixed length control field 00955 a2200325 4500
001 - CONTROL NUMBER
control field 63020
005 - DATE AND TIME OF LATEST TRANSACTION
control field 20260407155924.0
008 - FIXED-LENGTH DATA ELEMENTS--GENERAL INFORMATION
fixed length control field 260407a1978 arg spa d
003 - CONTROL NUMBER IDENTIFIER
control field AR-UNSa-BCEJYS
040 ## - CATALOGING SOURCE
Original cataloging agency AR-UNSa-BCEJYS
Language of cataloging spa
Transcribing agency AR-UNSa-BCEJYS
080 ## - UNIVERSAL DECIMAL CLASSIFICATION NUMBER
Universal Decimal Classification number 369
Common auxiliary subdivision Seguridad social
041 ## - LANGUAGE CODE
Language code of text/sound track or separate title spa
100 1# - MAIN ENTRY--PERSONAL NAME
Personal name Hünicken, Javier
245 10 - TITLE STATEMENT
Title Curso de seguridad social
264 #1 - PRODUCTION, PUBLICATION, DISTRIBUTION, MANUFACTURE, AND COPYRIGHT NOTICE
Place of production, publication, distribution, manufacture Córdoba :
Name of producer, publisher, distributor, manufacturer Universidad Nacional de Córdoba
Date of production, publication, distribution, manufacture, or copyright notice 1978
300 ## - PHYSICAL DESCRIPTION
Extent 570 p.
Dimensions 23 cm.
590 ## - LOCAL NOTE (RLIN)
Local note niveau_biblio:m niveau_hierar:0
700 1# - ADDED ENTRY--PERSONAL NAME
Personal name De Cesaris, Horacio
700 1# - ADDED ENTRY--PERSONAL NAME
Personal name Grego, Rubén O.
700 1# - ADDED ENTRY--PERSONAL NAME
Personal name Bidart Campos, German J.
700 1# - ADDED ENTRY--PERSONAL NAME
Personal name Etala, Juan José
700 1# - ADDED ENTRY--PERSONAL NAME
Personal name García Díaz, Carlos J.
700 1# - ADDED ENTRY--PERSONAL NAME
Personal name Villada, Carlos A.
700 1# - ADDED ENTRY--PERSONAL NAME
Personal name Vázquez Vialard, Antonio
700 1# - ADDED ENTRY--PERSONAL NAME
Personal name Moles, Ricardo R.
700 1# - ADDED ENTRY--PERSONAL NAME
Personal name Martínez Vivot, Julio José
700 1# - ADDED ENTRY--PERSONAL NAME
Personal name Altamira Gigena, Raúl Enrique
700 1# - ADDED ENTRY--PERSONAL NAME
Personal name Fustinoni, Osvaldo
942 ## - ADDED ENTRY ELEMENTS (KOHA)
Koha item type
Existencias
Withdrawn status Lost status Damaged status Not for loan Home library Current library Shelving location Date acquired Total checkouts Full call number Barcode Date last seen Price effective from Koha item type
        Biblioteca Prof. Eusebio Cleto del Rey Biblioteca Prof. Eusebio Cleto del Rey   07/04/2026   369 C977 L33521 07/04/2026 07/04/2026 Libro